|
|
|
|
| LEADER |
00726nam a22002412a 4500 |
| 001 |
000096810 |
| 003 |
CZ BrMZK |
| 005 |
20070618135038.0 |
| 007 |
ta |
| 008 |
010907s1954 xxu f eng d |
| 040 |
|
|
|a BOA001
|b cze
|
| 080 |
9 |
|
|a 7.03
|
| 080 |
9 |
|
|a 72/76
|
| 100 |
1 |
|
|a Gombrich, E. H.
|q (Ernst Hans),
|d 1909-2001
|7 jn19990002770
|4 aut
|
| 245 |
1 |
4 |
|a The Story of art /
|c Ernst Hans Gombrich
|
| 250 |
|
|
|a 6. ed., rev.
|
| 260 |
|
|
|a New York :
|b Phaidon Publishing,
|c 1954
|
| 300 |
|
|
|a 6, 462 s.
|
| 504 |
|
|
|a Obsahuje bibliografii
|
| 910 |
|
|
|a BOA001
|b 3-0917.011
|
| 964 |
|
|
|a Umění výtvarné - dějiny
|
| 990 |
|
|
|a BK
|
| 996 |
7 |
|
|b 2619986492
|c 3-0917.011
|l MZK
|r Sklad / do 1 hodiny
|n 54
|w 000096810
|u 000010
|a 1
|e BOA001
|j MZK50
|s A
|